Bases para una nueva catequesis / (Record no. 29907)

MARC details
000 -LEADER
campo de control de longitud fija 00694nam a2200217 i 4500
001 - NÚMERO DE CONTROL
campo de control 29907
003 - IDENTIFICADOR DE NÚMERO DE CONTROL
campo de control ES-MaACL
005 - FECHA Y HORA DE LA ÚLTIMA TRANSACCIÓN
campo de control 20230906154116.0
007 - CAMPO FIJO DE DESCRIPCIÓN FÍSICA--INFORMACIÓN GENERAL
campo de control de longitud fija t|
008 - DATOS DE LONGITUD FIJA--INFORMACIÓN GENERAL
campo de control de longitud fija 030123s1973 sp ||||1| spa d
245 00 - MENCIÓN DEL TÍTULO
Título Bases para una nueva catequesis /
Mención de responsabilidad, etc. [tradujo Manfred Nolte...].
260 ## - PUBLICACIÓN, DISTRIBUCIÓN, ETC.
Lugar de publicación, distribución, etc. Salamanca :
Nombre del editor, distribuidor, etc. Sígueme,
Fecha de publicación, distribución, etc. 1973.
300 ## - DESCRIPCIÓN FÍSICA
Extensión 305 p. ;
Dimensiones 21 cm.
490 1# - MENCIÓN DE SERIE
Mención de serie Nueva alianza ;
Designación de volumen o secuencia 48
500 ## - NOTA GENERAL
Nota general Precede al tít.: Instituto Superior de Catequetica de Nimega.
700 1# - ENTRADA AGREGADA--NOMBRE PERSONAL
Nombre de persona Nolte, Manfred.
9 (RLIN) 85927
710 2# - ENTRADA AGREGADA--NOMBRE DE ENTIDAD CORPORATIVA
Nombre de entidad corporativa o nombre de jurisdicción como elemento de entrada Instituto Superior de Catequética de Nimega.
9 (RLIN) 5239
830 0# - PUNTO DE ACCESO ADICIONAL DE SERIE-TÍTULO UNIFORME
Título uniforme Nueva alianza ;
Designación de volumen o secuencia 48
9 (RLIN) 181320
852 ## - LOCALIZACIÓN
Ubicación ES-MaACL
Número de control de estantería C-48814
Sublocalización o colección R.84841
Holdings
Estatus retirado Estado de pérdida Estado de daño No para préstamo Biblioteca de origen Biblioteca actual Ubicación en estantería Fecha de adquisición Fuente de adquisición Total de préstamos Signatura topográfica completa Código de barras Visto por última vez Precio de reemplazo Tipo de ítem Koha
        Biblioteca del Ateneo de Madrid Biblioteca del Ateneo de Madrid Depósito 2 17/01/2008     C-48814 1030878 23/02/2023 23/02/2023 Libro impreso